000 00499nam a2200181Ia 4500
005 20250317122832.0
008 008 250317s9999 xx 000 0 eng d
037 _aTextbook
040 _aFMSL
_beng
_cFMSL
041 _aeng
_2eng
084 _aBobX:8D N5
_qFMSL
100 _aAyres F
_9338786
245 0 _aTheory & problems of differentical equations
260 _aNY
_bNY, Schaum
_c1952
300 _a296p
942 _cTB
_hBobX:8D N5
999 _c1248859
_d1248859